Catálogo - Centro de Recursos para el Aprendizaje y la Investigación

Volver al Sitio - CRAI Biblioteca

Al compás : (Registro nro. 114160)

Detalles MARC
000 -CABECERA
campo de control de longitud fija 00949nam a2200265 4500
001 - NÚMERO DE CONTROL
campo de control 114160
003 - IDENTIFICADOR DEL NÚMERO DE CONTROL
campo de control DR-UNIBE
005 - FECHA Y HORA DE LA ÚLTIMA TRANSACCIÓN
campo de control 20251015163519.0
008 - DATOS DE LONGITUD FIJA--INFORMACIÓN GENERAL
campo de control de longitud fija 251015b |||||||| |||| 00| 0 spa d
040 ## - FUENTE DE LA CATALOGACIÓN
Centro catalogador/agencia de origen Biblioteca UNIBE
Centro/agencia transcriptor Biblioteca UNIBE
Normas de descripción rda
041 ## - CÓDIGO DE LENGUA
Código de lengua del texto/banda sonora o título independiente spa
110 10 - ENTRADA PRINCIPAL--NOMBRE DE ENTIDAD CORPORATIVA
Nombre de entidad corporativa o nombre de jurisdicción como elemento de entrada Listín Diario
9 (RLIN) 145523
Término indicativo de función/relación autor
245 13 - MENCIÓN DE TÍTULO
Título Al compás :
Mención de responsabilidad, etc. revista para niños y niñas
260 ## - PUBLICACIÓN, DISTRIBUCIÓN, ETC.
Lugar de publicación, distribución, etc. Santo Domingo :
Nombre del editor, distribuidor, etc. Listín Diarío,
Fecha de publicación, distribución, etc. 2008
362 ## - FECHAS DE PUBLICACIÓN Y/O DESIGNACIÓN SECUENCIAL
Fecha de publicación y/o designación secuencial 10 de enero 2008
653 #7 - TÉRMINO DE INDIZACIÓN--NO CONTROLADO
Término no controlado Revistas infantiles y juveniles dominicanas
700 10 - PUNTO DE ACCESO ADICIONAL--NOMBRE DE PERSONA
Nombre de persona Rivera, Rosanna
9 (RLIN) 199828
Término indicativo de función/relación director de revista y comunicaciones
700 10 - PUNTO DE ACCESO ADICIONAL--NOMBRE DE PERSONA
Nombre de persona Veras, Lissette
9 (RLIN) 199829
Término indicativo de función/relación editor
700 10 - PUNTO DE ACCESO ADICIONAL--NOMBRE DE PERSONA
Nombre de persona Jáquez, Yasilis
9 (RLIN) 199830
Término indicativo de función/relación coordinador de revistas
700 10 - PUNTO DE ACCESO ADICIONAL--NOMBRE DE PERSONA
Nombre de persona Matos, María Isabel
9 (RLIN) 199831
Término indicativo de función/relación redactor
700 10 - PUNTO DE ACCESO ADICIONAL--NOMBRE DE PERSONA
Nombre de persona Freites, Sofía
9 (RLIN) 24673
Término indicativo de función/relación redactor
700 10 - PUNTO DE ACCESO ADICIONAL--NOMBRE DE PERSONA
Nombre de persona Mieses Lora, Susana
9 (RLIN) 199832
Término indicativo de función/relación diseñador
700 10 - PUNTO DE ACCESO ADICIONAL--NOMBRE DE PERSONA
Nombre de persona Abreu, Mayobanex
9 (RLIN) 199833
Término indicativo de función/relación diseñador de portada
942 ## - ELEMENTOS DE PUNTO DE ACCESO ADICIONAL (KOHA)
Fuente del sistema de clasificación o colocación Sistema de Clasificación Decimal Dewey
Tipo de ítem Koha Revista
Existencias
Estado de retiro Estado de pérdida Fuente del sistema de clasificación o colocación Estado dañado No para préstamo Código de colección Localización permanente Ubicación/localización actual Fecha de adquisición Enumeración/cronología de publicación seriada Total de préstamos Signatura topográfica completa Código de barras Fecha visto por última vez Número de copia Precio válido a partir de Tipo de ítem Koha
  Disponible Sistema de Clasificación Decimal Dewey   No se presta Fondo Bibliográfico IBBY-UNIBE Biblioteca Central UNIBE Biblioteca Central UNIBE 12/08/2025 No. 891 (19 de enero 2008)   FBIU-LD R C737 R250232 15/10/2025 Ej.1 15/10/2025 Revista